000
00288 a2200121 4500
001
146491
040
_c
Escola São Tomás de Aquino
100
_a
BELINKY, Tatiana
240
1
0
_a
Onde já se viu?
_l
por
245
1
0
_a
Onde já se viu?
697
_a
*LITERATURA INFANTO JUVENIL
942
_c
BK
999
_c
146491
_d
146491